000 00701nam a2200229Ia 4500
003 OSt
005 20220923230406.0
006 a|||||r|||| 00| 0
007 ta
008 220922b |||||||| |||| 00| 0 snd d
024 _a280,584
037 _cTextual
040 _aARTS
_cARTS
_bsnd
041 _2snd
_asnd
082 _aO1593,3x, K9
100 _aमाल्ही, गोबिन्दु, संपा.
245 0 _aचूंड सिन्धी कहाणियूं
246 _aChūanḍa sindhī kahāṇiyūan
260 _c1969
942 _hO1593,3x, K9
_cTEXL
_2CC
999 _c384509
_d384509